Capital closest to the Center of the Map - Statistics

General Stats
  • This quiz has been taken 122 times
    30 since last reset
  • The average score is 19 of 20
Answers on the Map
Answers color-coded by a green-red scale on the quiz's map according to % correct below.
 
Answer Stats
kms / miles Country Answer % Correct
1301 km / 808 miles Nigeria Abuja
100%
1764 km / 1096 miles Republic of the Congo Brazzaville
100%
1769 km / 1099 miles DR Congo Kinshasa
100%
691 km / 429 miles Togo Lomé
100%
1763 km / 1095 miles Angola Luanda
100%
1375 km / 854 miles Burkina Faso Ouagadougou
100%
616 km / 383 miles Ghana Accra
97%
1654 km / 1028 miles Mali Bamako
97%
1847 km / 1148 miles Guinea Conakry
97%
2135 km / 1327 miles Chad N'Djamena
97%
954 km / 593 miles Ivory Coast Yamoussoukro
97%
1350 km / 839 miles Cameroon Yaoundé
97%
2120 km / 1317 miles Central African Republic Bangui
93%
1741 km / 1082 miles Sierra Leone Freetown
93%
1054 km / 655 miles Gabon Libreville
93%
1388 km / 862 miles Liberia Monrovia
93%
1513 km / 940 miles Niger Niamey
93%
774 km / 481 miles Benin Porto-Novo
93%
750 km / 466 miles São Tomé and Príncipe São Tomé
93%
1061 km / 659 miles Equatorial Guinea Ciudad de la Paz
72%
No matching quizzes found
Score Distribution
Percent of People with Each Score
Percentile by Number Answered
Your Score History
You have not taken this quiz since the last reset